000 00216nam a22000977a 4500
003 SGT
245 _aVIRXHOWS ARCHIVE THE EUROPEON JOURNAL OF PATHOLOGY
260 _bSAPRINGER
_c2009
300 _a718
942 _2ddc
_cBV
999 _c24382
_d24382